[Event "AUTO-OPEN-3997"]
[Site "http://www.queenalice.com/game.php?id=1550944"]
[Date "2018.11.28"]
[Round "1"]
[White "Rzeznik"]
[Black "maurice91"]
[Result "1-0"]
[WhiteElo "2120"]
[BlackElo "1725"]

1. g3 c6 2. Nf3 d6 3. d4 g6 4. Bg2 Bg7 5. c4 Nf6 6. Nc3 O-O 7. O-O Re8 8. e4 b6
9. e5 dxe5 10. Nxe5 Bb7 11. Be3 Qc8 12. h3 Ba6 13. Qa4 Bb7 14. Rfd1 Nfd7 15. Bf4
Nxe5 16. Bxe5 f6 17. Bxb8 Rxb8 18. Qxa7 c5 19. Bxb7 Qxb7 20. Qa4 cxd4 21. Rxd4
f5 22. Rd7 Qf3 23. Re1 Bf6 24. Re3 Qh5 25. Nd5 Bd4 26. Nxe7+ Kh8 27. Rxd4 Ra8
28. Qc6 Rf8 29. Qxb6 Rab8 30. Qc6 Rxb2 31. Rd8 Rb1+ 32. Kg2 Rb8 33. Qf6# 1-0

[Event "AUTO-OPEN-3894"]
[Site "http://www.queenalice.com/game.php?id=1558421"]
[Date "2019.1.28"]
[Round "2"]
[White "tucuman"]
[Black "Rzeznik"]
[Result "1-0"]
[WhiteElo "2070"]
[BlackElo "2135"]

1. d4 g6 2. Bf4 Nf6 3. e3 d5 4. Nf3 Nc6 5. Be2 Bg7 6. O-O O-O 7. Nbd2 Ne4 8. Bd3
Nxd2 9. Qxd2 Bg4 10. Ne1 e5 11. dxe5 Nxe5 12. c3 c6 13. Bxe5 Bxe5 14. f4 Bd6 15.
Be2 Bxe2 16. Qxe2 Bc5 17. Kh1 Qb6 18. Rf3 Rfe8 19. Nc2 Qxb2 20. Raf1 Qxc3 21. h3
b5 22. Re1 Qb2 23. a3 a5 24. Kg1 b4 25. a4 Qb3 26. f5 Qxa4 27. fxg6 hxg6 28. Qf2
f5 29. Nd4 Bxd4 30. exd4 c5 31. Rxe8+ Rxe8 32. dxc5 Qd1+ 33. Kh2 Re1 34. c6 Rh1+
35. Kg3 Qc1 36. Qb6 Qe1+ 37. Rf2 Qe5+ 38. Rf4 Rc1 39. Qd8+ Kg7 40. Qg5 Rxc6 41.
Kh4 Rc4 42. g3 b3 43. Qd8 Rxf4+ 44. g4 Qe1+ 45. Kg5 Qd2 46. Qf6+ Kh7 47. Qf7+
Kh8 48. Kxg6 1-0

[Event "AUTO-OPEN-3894"]
[Site "http://www.queenalice.com/game.php?id=1558422"]
[Date "2019.1.28"]
[Round "2"]
[White "Rzeznik"]
[Black "tucuman"]
[Result "1-0"]
[WhiteElo "2121"]
[BlackElo "2089"]

1. g3 d5 2. Bg2 e5 3. d3 Be6 4. Nf3 Nc6 5. O-O Bd6 6. e4 d4 7. c3 Nf6 8. cxd4
exd4 9. Re1 Bb4 10. Nbd2 O-O 11. a3 Bc5 12. b4 Bd6 13. e5 Bxe5 14. Nxe5 Nxe5 15.
Rxe5 c6 16. Bb2 Qd6 17. Re1 b5 18. Rc1 Rac8 19. Nf3 Bg4 20. h3 Bxf3 21. Qxf3 c5
22. bxc5 Rxc5 23. Rxc5 Qxc5 24. Rc1 Qd6 25. Qb7 a6 26. Rc6 Qe5 27. Qxa6 Qe1+ 28.
Bf1 Re8 29. Bxd4 h6 30. Bxf6 gxf6 31. Rxf6 Re6 32. Qc8+ Kg7 33. Rf5 Qa5 34. d4
Qb6 35. d5 Rg6 36. Qe8 Rxg3+ 37. Kh2 Qc7 38. d6 Rxh3+ 39. Bxh3 Qxd6+ 40. Kg1
Qd1+ 41. Kg2 Qb3 42. Rf3 Qd5 43. Kg3 Qg5+ 44. Kh2 Qd5 45. Rf5 Qd6+ 46. f4 Qd2+
47. Kg3 Qd3+ 48. Kh4 f6 49. Rxb5 1-0

[Event "AUTO-OPEN-3911"]
[Site "http://www.queenalice.com/game.php?id=1560782"]
[Date "2019.2.12"]
[Round "3"]
[White "Lopesq"]
[Black "Rzeznik"]
[Result "1-0"]
[WhiteElo "2574"]
[BlackElo "2170"]

1. d4 g6 2. Bf4 Nf6 3. e3 Bg7 4. Bd3 d5 5. c3 O-O 6. Nd2 Nbd7 7. Ngf3 c5 8. Bc2
cxd4 9. cxd4 Qb6 10. Bb3 Qb5 11. Rc1 Re8 12. Bc7 e6 13. h4 Ne4 14. Nxe4 dxe4 15.
Nd2 Nf6 16. Rc5 Qa6 17. Bc4 b5 18. Bxb5 Qxa2 19. Qc1 Re7 20. Bd6 Bf8 21. Rxc8
Rxc8 22. Qxc8 Re8 23. Bxe8 Bxd6 24. Bc6+ Kg7 25. O-O Qxb2 26. Nxe4 Be7 27. Qc7
Nxe4 28. Qxe7 Nf6 29. Qxa7 h5 30. Qe7 Qb8 31. Qb7 Qd6 32. Ra1 Ng4 33. g3 Nh6 34.
Ra8 1-0

[Event "AUTO-OPEN-3911"]
[Site "http://www.queenalice.com/game.php?id=1560783"]
[Date "2019.2.12"]
[Round "3"]
[White "Rzeznik"]
[Black "Lopesq"]
[Result "0-1"]
[WhiteElo "2169"]
[BlackElo "2575"]

1. g3 d5 2. Bg2 c6 3. Nf3 Nf6 4. O-O Bg4 5. d3 Nbd7 6. c4 dxc4 7. dxc4 e6 8. Nc3
Qc7 9. h3 Bxf3 10. Bxf3 Bd6 11. Ne4 Nxe4 12. Bxe4 h5 13. Qd2 O-O-O 14. b4 f5 15.
Bg2 h4 16. Qe3 hxg3 17. fxg3 Be5 18. Rb1 Nb6 19. Qb3 Bxg3 20. Bg5 Rd4 21. c5 Nd5
22. b5 Bh2+ 23. Kh1 Be5 24. bxc6 Qxc6 25. Bxd5 Qxd5+ 26. Kg1 Rc4 27. Be3 Rg4+
28. Kf2 Qg2+ 29. Ke1 Bg3+ 30. Bf2 Rg6 31. Bxg3 Qxg3+ 32. Rf2 Qxb3 33. Rxb3 Rg1+
0-1

[Event "AUTO-OPEN-3911"]
[Site "http://www.queenalice.com/game.php?id=1560784"]
[Date "2019.2.12"]
[Round "3"]
[White "al93oliveira"]
[Black "Rzeznik"]
[Result "1-0"]
[WhiteElo "2366"]
[BlackElo "2179"]

1. e4 e6 2. d4 d5 3. Nc3 Be7 4. Bd3 Nf6 5. e5 Nfd7 6. Nce2 c5 7. c3 c4 8. Bc2
O-O 9. Nf3 b5 10. h4 Nc6 11. Ng3 g6 12. h5 g5 13. h6 g4 14. Nh2 f5 15. exf6 Nxf6
16. Nxg4 e5 17. Nxe5 Nxe5 18. dxe5 Ng4 19. O-O Nxe5 20. Be3 Ng4 21. Bd4 Nxh6 22.
Qh5 Qd6 23. Be5 Qc6 24. Rae1 Bg4 25. Qh2 Rae8 26. Ne2 Bc5 27. Nd4 Qb6 28. f3 Bf5
29. Qg3+ Bg6 30. Kh1 Nf7 31. Bc7 Qf6 32. f4 Bxd4 33. cxd4 Rxe1 34. Rxe1 Kh8 35.
f5 Bxf5 36. Qf4 Qh6+ 37. Qxh6 Nxh6 38. Re7 Kg8 39. Be5 Bxc2 40. Rg7+ Kh8 41.
Rg6+ 1-0

[Event "AUTO-OPEN-3911"]
[Site "http://www.queenalice.com/game.php?id=1560785"]
[Date "2019.2.12"]
[Round "3"]
[White "Rzeznik"]
[Black "al93oliveira"]
[Result "1-0"]
[WhiteElo "2152"]
[BlackElo "2359"]

1. Nf3 Nf6 2. g3 g6 3. c4 Bg7 4. Bg2 O-O 5. Nc3 d6 6. O-O Nc6 7. d4 e5 8. d5 Ne7
9. e4 Nd7 10. Be3 f5 11. Nb5 a6 12. Na7 Rxa7 13. Bxa7 b6 14. Qc2 Bb7 15. Ng5 Qa8
16. Ne6 Rc8 17. Bxb6 cxb6 18. Qa4 b5 19. cxb5 Nb6 20. Qb4 Nc4 21. bxa6 Bxa6 22.
b3 Rb8 23. Qc3 Rc8 24. bxc4 Bxc4 25. Qb4 fxe4 26. Qxd6 Qxd5 27. Qxe7 Qxe6 28.
Qxe6+ Bxe6 29. Bxe4 Rc4 30. Bd3 Ra4 31. Rfc1 Rxa2 32. Rxa2 Bxa2 33. Bc4+ Bxc4
34. Rxc4 Kf7 35. f4 exf4 36. gxf4 Kf6 37. Kg2 g5 38. Rc6+ Kf7 39. fxg5 1-0

[Event "AUTO-MASTER-2836"]
[Site "http://www.queenalice.com/game.php?id=1567648"]
[Date "2019.4.14"]
[Round "1"]
[White "Foliko"]
[Black "Rzeznik"]
[Result "0-1"]
[WhiteElo "2154"]
[BlackElo "2131"]

1. e4 e6 2. d4 d5 3. e5 c5 4. c3 Qb6 5. a3 f6 6. Nf3 Nc6 7. Be2 cxd4 8. cxd4
fxe5 9. dxe5 Bd7 10. Nc3 Bc5 11. O-O Bd4 12. Na4 Qa5 13. b4 Qc7 14. Nxd4 Nxd4
15. Bh5+ g6 16. Qxd4 Bxa4 17. Bg4 Bd7 18. Bb2 Nh6 19. Rac1 Qd8 20. Rc2 O-O 21.
Bf3 Nf5 22. Qd2 Kh8 23. Rfc1 Bc6 24. Bg4 Rc8 25. Bxf5 Rxf5 26. Rc5 Kg8 27. Qc2
a6 28. a4 Qh4 29. b5 axb5 30. axb5 Rcf8 31. Bd4 Qxd4 32. bxc6 Rxf2 33. Qxf2
Qxf2+ 0-1

[Event "AUTO-MASTER-2836"]
[Site "http://www.queenalice.com/game.php?id=1567649"]
[Date "2019.4.14"]
[Round "1"]
[White "Rzeznik"]
[Black "Foliko"]
[Result "0-1"]
[WhiteElo "2143"]
[BlackElo "2141"]

1. g3 c6 2. Nf3 d5 3. Bg2 Bf5 4. O-O e6 5. d4 c5 6. c4 Nc6 7. cxd5 exd5 8. Nc3
Nf6 9. Bg5 Be7 10. Bxf6 gxf6 11. dxc5 Be6 12. Nh4 d4 13. Na4 Qc7 14. Nf3 Rd8 15.
b4 Bg4 16. Qd2 O-O 17. b5 Bxf3 18. Bxf3 Ne5 19. Bg2 Rd7 20. b6 axb6 21. cxb6 Qb8
22. Qf4 Kh8 23. Rfd1 Rg8 24. Rxd4 Rg4 25. Qxg4 Nxg4 26. Rxg4 Qe5 27. Rc1 Rd8 28.
Bxb7 f5 29. Rgc4 Qxe2 30. R1c2 Rd1+ 31. Kg2 Qf1+ 32. Kf3 Qh1+ 33. Ke3 Qxb7 34.
Ke2 Ra1 35. Rc8+ Kg7 36. R8c4 Qd5 37. f3 Qd1+ 38. Ke3 Rxa2 39. Rxa2 Qb3+ 40. Kd4
Qxa2 41. b7 Qd2+ 42. Ke5 Bd6+ 43. Kxf5 Qd5+ 0-1

[Event "AUTO-MASTER-2836"]
[Site "http://www.queenalice.com/game.php?id=1567662"]
[Date "2019.4.14"]
[Round "1"]
[White "Rzeznik"]
[Black "JailtonMaster"]
[Result "1-0"]
[WhiteElo "2131"]
[BlackElo "2136"]

1. Nf3 d5 2. c4 c6 3. b3 Nf6 4. Bb2 Bf5 5. d3 e6 6. Nbd2 Nbd7 7. g3 Bb4 8. a3
Bd6 9. Bg2 O-O 10. O-O Qc7 11. Re1 e5 12. e4 Bg6 13. exd5 cxd5 14. cxd5 Nxd5 15.
Rc1 Qa5 16. Nc4 Qa6 17. Nfxe5 Nxe5 18. Nxe5 Bxe5 19. Rxe5 Nf6 20. d4 Rad8 21.
Re7 b5 22. Rc6 Qa5 23. d5 Rd7 24. Bxf6 gxf6 25. Rxd7 1-0

[Event "AUTO-MASTER-2836"]
[Site "http://www.queenalice.com/game.php?id=1567663"]
[Date "2019.4.14"]
[Round "1"]
[White "JailtonMaster"]
[Black "Rzeznik"]
[Result "0-1"]
[WhiteElo "2149"]
[BlackElo "2168"]

1. d4 g6 2. c4 Bg7 3. Nf3 c5 4. Nc3 cxd4 5. Nxd4 Nc6 6. e3 Nf6 7. Be2 O-O 8. O-O
d6 9. b3 Nd7 10. Bb2 Nxd4 11. exd4 e5 12. dxe5 Bxe5 13. Rc1 Nc5 14. Qc2 Bf5 15.
Qd2 Ne6 16. Nd5 f6 17. Bxe5 dxe5 18. Bf3 Rf7 19. Rfd1 Nd4 20. Rc3 Rb8 21. g3 b5
22. Bg2 bxc4 23. bxc4 a5 24. Ra3 Ra7 25. c5 Bg4 26. Re1 Ne2+ 27. Kh1 Nd4 28. f4
Nb5 29. Rd3 Qf8 30. Nb6 Qxc5 31. Rd8+ Rxd8 32. Qxd8+ Kg7 33. h3 Be6 34. fxe5
fxe5 35. Rf1 Rf7 36. Rxf7+ Bxf7 37. Nd7 Qd6 38. Kh2 Nc7 39. Bc6 Be8 40. Ba4 e4
41. Qc8 e3 0-1

[Event "AUTO-MASTER-2836"]
[Site "http://www.queenalice.com/game.php?id=1567664"]
[Date "2019.4.14"]
[Round "1"]
[White "Rzeznik"]
[Black "Lamorteoscura77"]
[Result "0-1"]
[WhiteElo "2155"]
[BlackElo "2062"]

1. g3 d5 2. Bg2 Nf6 3. Nf3 Bf5 4. c4 c6 5. cxd5 cxd5 6. Qb3 Qb6 7. O-O Qxb3 8.
axb3 Nc6 9. d3 h6 10. Bf4 e6 11. Nc3 g5 12. Be5 Nxe5 13. Nxe5 Bd6 14. Nf3 O-O
15. Nb5 Bc5 16. b4 Bb6 17. Rac1 Rfd8 18. Ne5 a6 19. Nc3 Nd7 20. Nxd7 Rxd7 21.
Na4 Ba7 22. Nc5 Bxc5 23. bxc5 a5 24. c6 bxc6 25. Rxc6 Rb7 26. e4 dxe4 27. dxe4
Bg6 28. Rb1 Rb4 29. f3 a4 30. Rc2 g4 31. Re1 Rab8 32. Ree2 gxf3 33. Bxf3 Rd8 34.
Kf2 e5 35. Rc5 f6 36. Rc6 Kg7 37. Rc7+ Kf8 38. Rc6 Ke7 39. Bg2 Rdd4 40. Rc7+ Kd6
41. Rec2 Be8 42. Rc8 Bb5 43. Bf1 Bxf1 44. Kxf1 Rxe4 45. R8c6+ Ke7 46. h4 h5 47.
Rf2 Red4 48. Rcxf6 Rd1+ 49. Ke2 Rb1 50. Ke3 R1xb2 51. Rxb2 Rxb2 52. Rf5 Ke6 53.
Rxh5 Rb3+ 54. Ke4 Rb4+ 55. Kf3 Kd5 56. g4 a3 57. Rh8 Ra4 58. Rd8+ Ke6 59. Rd1 a2
60. Ra1 Kd5 61. h5 Kc4 0-1

[Event "AUTO-MASTER-2836"]
[Site "http://www.queenalice.com/game.php?id=1567665"]
[Date "2019.4.14"]
[Round "1"]
[White "Lamorteoscura77"]
[Black "Rzeznik"]
[Result "1-0"]
[WhiteElo "2140"]
[BlackElo "2199"]

1. e4 e6 2. d3 c5 3. Nf3 Nc6 4. Be2 d5 5. O-O Bd6 6. Re1 Nf6 7. Bf1 dxe4 8. dxe4
Nxe4 9. Bd3 Nf6 10. Nc3 O-O 11. Bg5 Nd4 12. Ne4 Nxf3+ 13. Qxf3 Be7 14. Rad1 Nxe4
15. Bxe4 Qe8 16. Bxe7 Qxe7 17. Qd3 g6 18. Qd6 Qf6 19. c3 c4 20. Rd4 Kg7 21. Red1
e5 22. Rd5 Be6 23. R5d2 Rad8 24. Qxd8 Rxd8 25. Rxd8 Bg4 26. R1d2 b5 27. a3 Qf4
28. Bc6 a6 29. Bb7 a5 30. g3 Qf6 31. R8d6 Qe7 32. Bc6 b4 33. axb4 axb4 34. cxb4
e4 35. b5 e3 36. fxe3 Qxe3+ 37. Kg2 c3 38. bxc3 Qxc3 39. b6 Bc8 40. b7 Bxb7 41.
Bxb7 Qb3 42. Rd7 Kh6 43. Bd5 Qe3 44. Bxf7 Qe4+ 45. Kh3 Kg5 46. R2d5+ Kf6 47. Bg8
h5 48. R5d6+ Kg5 49. Rd5+ Kf6 50. Rf7+ Ke6 51. Rf4+ 1-0

[Event "AUTO-OPEN-3894"]
[Site "http://www.queenalice.com/game.php?id=1569593"]
[Date "2019.5.3"]
[Round "3"]
[White "lida"]
[Black "Rzeznik"]
[Result "1-0"]
[WhiteElo "2542"]
[BlackElo "2144"]

1. e4 e6 2. d4 d5 3. Nc3 Bb4 4. e5 Ne7 5. a3 Bxc3+ 6. bxc3 c5 7. Qg4 O-O 8. Bd3
Qa5 9. Bd2 Nf5 10. Nf3 c4 11. Bxf5 exf5 12. Qf4 Nc6 13. O-O Qa4 14. Ra2 b5 15.
Qg3 g6 16. Bh6 Re8 17. Qh4 1-0

[Event "AUTO-OPEN-3894"]
[Site "http://www.queenalice.com/game.php?id=1569594"]
[Date "2019.5.3"]
[Round "3"]
[White "Rzeznik"]
[Black "lida"]
[Result "0-1"]
[WhiteElo "2143"]
[BlackElo "2547"]

1. g3 d5 2. Bg2 Nf6 3. Nf3 c6 4. c4 dxc4 5. O-O Nbd7 6. Qc2 Nb6 7. a4 a5 8. Na3
Be6 9. Ne5 Qd4 10. Nxc6 bxc6 11. Bxc6+ Nfd7 12. Bxa8 Nxa8 13. e3 Qd3 14. Qxd3
cxd3 15. Nb5 Nc5 16. Ra3 Bh3 17. Re1 e5 18. e4 Be6 19. Rc3 Bb3 20. Na7 Nb6 21.
Nc6 Nbxa4 22. Rxb3 Nxb3 23. Nxe5 Nac5 24. Nc6 Na6 25. e5 Nb4 26. Nxb4 Bxb4 27.
f4 Ke7 28. f5 Rc8 29. f6+ gxf6 30. exf6+ Kxf6 31. Rf1+ Kg6 32. Rf3 Rxc1+ 33. Kg2
Rc2 34. Rxd3 Rxd2+ 35. Rxd2 Bxd2 0-1

[Event "AUTO-OPEN-3894"]
[Site "http://www.queenalice.com/game.php?id=1569595"]
[Date "2019.5.3"]
[Round "3"]
[White "tucuman"]
[Black "Rzeznik"]
[Result "0-1"]
[WhiteElo "2051"]
[BlackElo "2191"]

1. d4 g6 2. Bf4 Bg7 3. e3 Nf6 4. Nf3 O-O 5. c4 c5 6. d5 d6 7. Be2 Ne4 8. O-O
Bxb2 9. Nbd2 Nxd2 10. Nxd2 Bxa1 11. Qxa1 f6 12. Bh6 Re8 13. Qb1 Qa5 14. Ne4 Bf5
15. Bf3 Na6 16. Qb2 Rab8 17. Nxf6+ exf6 18. Qxf6 Qc7 19. h4 Nb4 20. h5 Bd3 21.
hxg6 Bxf1 22. Kxf1 Nxa2 23. Bg4 hxg6 24. Qxg6+ Kh8 25. Qf6+ Kg8 26. Be6+ Rxe6
27. dxe6 Qh7 28. e7 Qb1+ 29. Ke2 Qc2+ 0-1

[Event "AUTO-OPEN-3894"]
[Site "http://www.queenalice.com/game.php?id=1569596"]
[Date "2019.5.3"]
[Round "3"]
[White "Rzeznik"]
[Black "tucuman"]
[Result "0-1"]
[WhiteElo "2140"]
[BlackElo "2041"]

1. Nf3 d5 2. c4 d4 3. g3 c5 4. e3 dxe3 5. fxe3 Bd7 6. d4 cxd4 7. exd4 e6 8. Bg2
Na6 9. O-O Bc6 10. Bf4 Bd6 11. Bxd6 Qxd6 12. c5 Qe7 13. Ne5 f6 14. Nxc6 bxc6 15.
Bxc6+ Kf8 16. Bxa8 Nc7 17. Bg2 f5 18. Nc3 Nf6 19. Qb3 Kf7 20. Rxf5 g6 21. Rff1
Kg7 22. Rae1 Qd7 23. Qb7 Qd8 24. Qxa7 Kh6 25. Rxf6 Qxf6 26. Qxc7 Qxd4+ 27. Kh1
Qf6 28. Bh3 Rf8 29. Rxe6 Qf3+ 30. Bg2 Qf2 31. Nd1 Qc2 32. Re1 Qd2 33. Qe7 Rf2
34. Nxf2 Qxf2 35. Qh4+ Kg7 36. Re7+ Kf8 37. Qxh7 Qf6 0-1

[Event "AUTO-OPEN-3888"]
[Site "http://www.queenalice.com/game.php?id=1571194"]
[Date "2019.5.17"]
[Round "3"]
[White "Rzeznik"]
[Black "junipero"]
[Result "1-0"]
[WhiteElo "2142"]
[BlackElo "2111"]

1. Nf3 d5 2. c4 c6 3. b3 e6 4. g3 Nf6 5. Bg2 Be7 6. O-O O-O 7. Qc2 Nbd7 8. Bb2
b6 9. Ng5 h6 10. Bxf6 hxg5 11. Bxe7 Qxe7 12. e3 Bb7 13. d4 a6 14. cxd5 cxd5 15.
Qe2 b5 16. Rc1 Rac8 17. Nd2 Nf6 18. Qd1 g4 19. Rxc8 Rxc8 20. Rc1 Qd7 21. h3 gxh3
22. Bxh3 Ne4 23. Nxe4 dxe4 24. Rxc8+ Qxc8 25. Kh2 g6 26. Qd2 f5 27. a4 bxa4 28.
bxa4 Qc4 29. Qa5 Kf7 30. Kg1 Qc1+ 31. Bf1 Qc6 32. Kg2 Qd5 33. Qc3 Qd6 34. Bc4
Bd5 35. Bxd5 exd5 36. f3 Qd7 37. fxe4 fxe4 38. a5 g5 39. Qb3 g4 40. Qd1 Qf5 41.
Qd2 Qf3+ 42. Kh2 Qf1 43. Qa2 Qh3+ 44. Kg1 Qxg3+ 45. Kf1 Qf3+ 46. Kg1 Qxe3+ 47.
Kh1 Qxd4 48. Qf2+ Kg7 49. Qxd4+ 1-0

[Event "AUTO-OPEN-3888"]
[Site "http://www.queenalice.com/game.php?id=1571195"]
[Date "2019.5.17"]
[Round "3"]
[White "junipero"]
[Black "Rzeznik"]
[Result "1-0"]
[WhiteElo "2157"]
[BlackElo "2153"]

1. d4 g6 2. c4 Bg7 3. Nc3 c5 4. e3 Nf6 5. Nf3 O-O 6. g3 d5 7. dxc5 Ne4 8. Nxe4
dxe4 9. Nd2 Qa5 10. a3 Qxc5 11. b4 Qe5 12. Rb1 b6 13. Bg2 f5 14. O-O Bb7 15. Bb2
Qc7 16. Bxg7 Kxg7 17. Qb3 Rd8 18. Rfd1 e5 19. c5 Bd5 20. Qc3 Nd7 21. Nb3 Bxb3
22. Qxb3 bxc5 23. bxc5 Nxc5 24. Qc3 Rac8 25. Rxd8 Rxd8 26. Rc1 Rd5 27. f3 Qe7
28. fxe4 Nxe4 29. Bxe4 fxe4 30. Qb4 Qd7 31. Qxe4 Rd1+ 32. Rxd1 Qxd1+ 33. Kg2 Kf6
34. Qc6+ Kg5 35. h4+ Kh6 36. Qc5 Qe2+ 37. Kh3 Qf1+ 38. Kh2 Qf2+ 39. Kh3 Qf5+ 40.
Kg2 a6 41. Qc4 e4 42. Qe2 a5 43. g4 Qc5 44. g5+ Kg7 45. Qb2+ Kg8 46. Qb3+ Kf8
47. a4 Qc8 48. Kg3 Qc7+ 49. Kg4 Qd7+ 50. Kf4 Qf5+ 51. Kg3 Qf3+ 52. Kh2 Qg4 53.
Qb8+ Kf7 54. Qf4+ Qf5 55. Qxf5+ gxf5 56. Kg3 Ke6 57. Kf4 h5 58. gxh6 1-0

[Event "AUTO-MASTER-2850"]
[Site "http://www.queenalice.com/game.php?id=1572520"]
[Date "2019.5.27"]
[Round "1"]
[White "Tonto"]
[Black "Rzeznik"]
[Result "0-1"]
[WhiteElo "2022"]
[BlackElo "2185"]

1. c4 g6 2. d4 Bg7 3. e4 c5 4. d5 d6 5. h3 Nf6 6. Nc3 O-O 7. Be2 Nbd7 8. Bd2 Nb6
9. b3 Re8 10. Nf3 e6 11. Qc1 exd5 12. cxd5 Nxe4 13. O-O Nxc3 14. Bxc3 Rxe2 15.
Re1 Bxc3 16. Qxc3 Nxd5 17. Qc4 Rxe1+ 18. Rxe1 Nb6 19. Qe4 Kg7 20. a4 Nd7 21. Qd3
Nf6 22. Nd2 Bf5 23. Qc3 Kg8 24. Nf3 Nd5 25. Qd2 Nb4 26. g4 Be6 27. Ng5 Bxb3 28.
Qf4 Nd3 29. Qe3 Nxe1 30. Qxb3 Qxg5 31. Qxb7 Re8 32. Qd7 Nf3+ 33. Kg2 Nh4+ 34.
Kf1 Qc1# 0-1

[Event "AUTO-MASTER-2850"]
[Site "http://www.queenalice.com/game.php?id=1572521"]
[Date "2019.5.27"]
[Round "1"]
[White "Rzeznik"]
[Black "Tonto"]
[Result "1-0"]
[WhiteElo "2173"]
[BlackElo "2047"]

1. g3 Nc6 2. Bg2 d5 3. Nf3 e5 4. d3 Be7 5. O-O Nf6 6. c4 d4 7. e3 Ng4 8. exd4
exd4 9. Re1 O-O 10. Na3 Bf6 11. h3 Nge5 12. Nb5 a6 13. Nbxd4 Nxd4 14. Nxe5 c5
15. Bf4 Be6 16. Qd2 Ra7 17. h4 Bxe5 18. Bxe5 Bh3 19. Bxd4 cxd4 20. Bxh3 b5 21.
cxb5 axb5 22. Qb4 Re8 23. Qxb5 Rxe1+ 24. Rxe1 Kf8 25. Qc5+ 1-0

[Event "AUTO-MASTER-2850"]
[Site "http://www.queenalice.com/game.php?id=1572538"]
[Date "2019.5.27"]
[Round "1"]
[White "Rutty"]
[Black "Rzeznik"]
[Result "1/2-1/2"]
[WhiteElo "2078"]
[BlackElo "2192"]

1. e4 e6 2. d4 d5 3. e5 c5 4. c3 Qb6 5. Qb3 cxd4 6. Qxb6 axb6 7. cxd4 Nc6 8. Bb5
h6 9. Nc3 Bd7 10. Nf3 Nge7 11. O-O Nf5 12. Be3 Bb4 13. Na4 Nxe5 14. Bxd7+ Nxd7
15. Nc3 O-O 16. Ne2 b5 17. a3 Bd6 18. Rfc1 b4 19. a4 Nb6 20. b3 Rfe8 21. Ne5 f6
22. Nd3 Nxe3 23. fxe3 e5 24. Kf2 g5 25. h3 Ra5 26. g4 exd4 27. Nxd4 Be5 28. Nxb4
Bxd4 29. exd4 Re4 30. Rd1 Nd7 31. Kf3 Ne5+ 32. dxe5 Rxb4 33. exf6 Rxb3+ 34. Kg2
Kf7 35. Rf1 d4 36. Rae1 Rxa4 37. Re7+ Kf8 38. f7 Ra8 39. Rfe1 Kg7 40. Re8 Ra2+
41. Kg1 Rf3 42. Rd8 Rd2 43. f8=Q+ Rxf8 44. Rd7+ Rf7 45. Ree7 Rxe7 46. Rxe7+ Kf6
47. Rxb7 Ke6 48. Rb6+ Ke5 49. Kf1 d3 50. Ke1 Re2+ 51. Kd1 Kf4 52. Rxh6 Kg3 53.
h4 gxh4 54. g5 h3 55. g6 Re8 56. g7 Rg8 57. Rg6+ Kf3 58. Kd2 h2 59. Rh6 Kg2 60.
Rg6+ Kf1 61. Rf6+ Kg2 1/2-1/2

[Event "AUTO-MASTER-2850"]
[Site "http://www.queenalice.com/game.php?id=1572539"]
[Date "2019.5.27"]
[Round "1"]
[White "Rzeznik"]
[Black "Rutty"]
[Result "1-0"]
[WhiteElo "2141"]
[BlackElo "2113"]

1. g3 d5 2. Bg2 e5 3. Nf3 e4 4. Nd4 c5 5. Nb3 Nf6 6. d3 Nc6 7. Bg5 h6 8. Bxf6
Qxf6 9. Nc3 Be6 10. dxe4 d4 11. Nb5 Rc8 12. f4 a6 13. e5 Qd8 14. Nd6+ Bxd6 15.
exd6 Qxd6 16. O-O O-O 17. Nd2 Bd5 18. e4 Be6 19. e5 Qd7 20. Ne4 b6 21. Nd6 Rc7
22. c3 f6 23. cxd4 Nxd4 24. Qd3 fxe5 25. fxe5 Rxf1+ 26. Rxf1 b5 27. Qg6 Qe7 28.
Be4 1-0